000 00768nam a22002177a 4500
999 _c12189
_d12189
003 AR-CdUCM
008 190322b ||||| |||| 00| 0 spa d
040 _aMUNICIPALIDAD PROVINCIAL DEL CUSCO
_cBIBLIOTECA MUNICIPAL DEL CUSCO
082 _aC / 327.85 /
_bG88
100 _aGuevara, Victor J.
_920584
245 _aEl problema del pacifico /
260 _aCusco :
_bTipografia mercantil,
_c1923.
300 _a119 páginas ;
_c19 cm.
500 _aDonación de la familia Nieto. Trabajo inconcluso.
505 _aContenido : "El problema del Pacifico" -- Reconstitución del estado.
650 _aRelaciones internacionales
_93395
650 _aPacifico
_923369
650 _aConflictos internacionales
_923370
942 _2ddc
_cLIBROS
945 _awfj
_d2019-04-08